Documentos de Estudio. Realidad Centroaméricana. Integración y Dependencia en Centroamérica

Αποθηκεύτηκε σε:
Λεπτομέρειες βιβλιογραφικής εγγραφής
Μορφή: Κείμενο
Έκδοση: s.l.: INCEP
Ετικέτες: Προσθήκη ετικέτας
Δεν υπάρχουν, Καταχωρήστε ετικέτα πρώτοι!

MARC

LEADER 00000 a a2200000 04500
001 25320
003
040
090 |a 150023  
245 |a Documentos de Estudio. Realidad Centroaméricana. Integración y Dependencia en Centroamérica  
260 |a s.l.:   |b INCEP  
300 |a pag. cortada  
999 |c 11929  |d 11929